|
|
|
|
| LEADER |
00000nam a2200000 a 4500 |
| 001 |
UCW4074 |
| 003 |
CL-VaPUC |
| 008 |
890824e19870000CL |||||||||||||||||spa|d |
| 082 |
0 |
4 |
|a 371.3028
|b VAR
|2 21
|
| 100 |
0 |
|
|a Vargas Vargas, Laura
|e author
|9 308624
|
| 700 |
0 |
|
|a Bustillos de Núñez, Graciela
|e author
|9 308625
|
| 245 |
1 |
0 |
|a Técnicas participativas para la educación popular
|
| 300 |
|
|
|a v
|
| 942 |
|
|
|c BK
|
| 945 |
|
|
|d 19890824 00:00:00
|a rbrito
|
| 260 |
|
|
|a Santiago
|b CIDE
|c 1987
|
| 650 |
|
0 |
|a Educación
|9 258661
|
| 650 |
|
0 |
|a Metodología
|9 256610
|
| 583 |
|
|
|a last modification
|c 19890824 00:00:00
|k Rodrigo Vera
|
| 999 |
|
|
|c 217895
|d 217893
|
| 952 |
|
|
|0 0
|1 0
|4 0
|6 371_302800000000000_VAR_1987
|7 0
|8 A
|9 206504
|a BIBEDU
|b BIBEDU
|d 2019-11-15
|h v.1
|i 2743213
|o 371.3028 VAR 1987
|p 2743213
|r 2019-11-15
|w 2019-11-15
|y BK
|k EDU
|
| 952 |
|
|
|0 0
|1 0
|4 0
|6 371_302800000000000_VAR_1987
|7 0
|8 A
|9 206505
|a BIBEDU
|b BIBEDU
|d 2019-11-15
|h v.1
|i 2743221
|o 371.3028 VAR 1987
|p 2743221
|r 2019-11-15
|w 2019-11-15
|y BK
|k EDU
|
| 952 |
|
|
|0 0
|1 0
|4 0
|6 371_302800000000000_VAR_1987
|7 0
|8 A
|9 206506
|a BIBEDU
|b BIBEDU
|d 2019-11-15
|h v.2
|i 274323K
|o 371.3028 VAR 1987
|p 274323K
|r 2019-11-15
|w 2019-11-15
|y BK
|k EDU
|
| 952 |
|
|
|0 0
|1 2
|4 0
|6 371_302800000000000_VAR_1987
|7 0
|8 A
|9 206507
|a BIBTEO
|b BIBTEO
|d 2019-11-15
|i 2743256
|o 371.3028 VAR 1987
|p 2743256
|r 2019-11-15
|w 2019-11-15
|x Descarte 2019
|y BK
|k ICR
|
| 952 |
|
|
|0 0
|1 0
|4 0
|6 371_302800000000000_VAR_1987
|7 0
|8 A
|9 206508
|a BIBEDU
|b BIBEDU
|d 2019-11-15
|h v.1
|i 3026663
|l 2
|o 371.3028 VAR 1987
|p 3026663
|r 2024-10-16
|s 2024-10-09
|w 2019-11-15
|y BK
|k EDU
|
| 952 |
|
|
|0 0
|1 0
|4 0
|6 371_302800000000000_VAR_1987
|7 0
|8 A
|9 206509
|a BIBEDU
|b BIBEDU
|d 2019-11-15
|h v.1
|i 309930K
|l 1
|o 371.3028 VAR 1987
|p 309930K
|r 2023-04-17
|s 2023-04-10
|w 2019-11-15
|y BK
|k EDU
|